| 000 | nam a22 a 4500 | ||
|---|---|---|---|
| 999 |
_c2143 _d2143 |
||
| 003 | AKMAL | ||
| 005 | 20170515125646.0 | ||
| 008 | 170515 1989 my 000 may d | ||
| 020 | _a9676508969 | ||
| 040 | _aAKMAL | ||
| 082 | 0 | 4 | _a371.4 ABD |
| 090 |
_a371.4 _bABD |
||
| 100 |
_aMohd. Mansur Abdullah, _d1945- _94481 |
||
| 245 | 1 | 0 |
_aKaunseling kerjaya : _bteori dan amalan / _cMohd. Mansur Abdullah, Siti Nordinar Mohd. Tamin |
| 260 |
_aPetaling Jaya : _bFajar Bakti, _c1989 |
||
| 300 | 0 | 0 |
_avi, 198ms. : _bil. ; _c22cm |
| 504 | _aBibliografi: ms.(191)-194 | ||
| 650 |
_aVocational guidance _92953 |
||
| 650 |
_aCareer development _9568 |
||
| 650 |
_aCounseling _91027 |
||
| 700 | 0 |
_aSiti Nordinar Mohd. Tamin _94214 |
|
| 942 |
_2ddc _cBOOK |
||